000 00826cab a2200265 4500
001 A573
008 090401t1992 xxu||||| |||| 00| 0 eng d
035 _a(Sirsi) u29944
041 _aeng
100 _aSchofield, J.
245 _aEarly ornamental plasterwork - Part 1 and Part 2
260 _c1992
350 _a0
490 _aStructural Survey
_v10(3) January 1992, 232-236
520 _aExamines early lime-based ornamental plasterwork, its history, development, materials, methods and practicalities of care and repair.
650 _aBUILDING CONSERVATION
650 _aCONSERVATION TECHNIQUES
650 _aORNAMENTAL PLASTERWORK
650 _aPLASTERWORK
650 _aREPAIR METHODS
690 _aBUILT ENVIRONMENT-BUILDING MATERIALS
690 _aCONSERVATION
942 _n0
948 _c04/03/1997
999 _c20144
_d20144